000 01011nam a2200241Ii 4500
003 JO-AjNU
008 230605s9999||||xx |||||||||||||| ||und||
017 _a2005/7/1632
020 _a9957-11-624-X
040 _aJO-AjNU
_bara
_erda
_cJO-AjNU
041 _aara
050 1 4 _aKMM127.3.M3533.2005
100 3 _aتاليف ملكاوي، بشار عدنان,
_eauthor
_929606
245 0 0 _aأهم المبادىء القانونية التي تحكم عقد العمل الفردي في قانون العمل الأردني
250 _aط1
264 3 1 _aعمان : دار وائل ، 2005
300 _a204ص
336 _atext
_btxt
_2rdacontent
337 _aunmediated
_bn
_2rdamedia
338 _avolume
_bnc
_2rdacarrier
490 0 _aسلسلة أعرف عن اللمية القانونية
650 4 _aالعمل و العمال -- قوانين و أنظمة -- الأردن -- قانون العمل -- الأردن -- عقود العمل -- قوانين و أنظمة -- الأردن
_929607
999 _aA11634
_c15202
_d15202